Parole che iniziano con la "J" - Statistics

Statistiche generali
  • Questo quiz è stato fatto 302 volte
  • Il punteggio medio è 12 su 15
Statistiche sulle risposte
INDIZIO RISPOSTA % Corretto
Squadra con più scudetti in Italia Juventus
100%
Pantaloni originariamente creati per gli operai Jeans
99%
Aereo con motore a reazione o con motore a getto Jet
99%
Sito di quiz sul quale stai giocando Jetpunk
98%
Marca di fuoristrada usata anche come veicolo militare Jeep
93%
Immagine di un buffone in un mazzo di carte Jolly
93%
Glenn Miller è stato un esponente di questo genere musicale Jazz
90%
Controller nei videogiochi per arcade e non solo Joystick
90%
Arte marziale basata sul metodo di difesa Judo
85%
Unità di misura dell'energia Joule
77%
Unica città Veneta con la "j" Jesolo
73%
Il nome del tennista italiano Sinner Jannik
71%
Canto di origine Svizzera diffuso anche nel Tirolo Jodel
63%
Apparecchio da installazione pubblica che riproduce brani musicali in modo automatico Juke-box
49%
Ornamento di camicetta per signora come pettorina Jabot
4%
Nessun quiz corrispondente trovato
Distribuzione punteggi
Percentuale di utenti per punteggio
Percentile per numero di risposta
I tuoi punteggi nel tempo
Non hai fatto questo quiz